| 000 | 00687nam a2200217 a 4500 | ||
|---|---|---|---|
| 005 | 20210223131017.0 | ||
| 008 | 090604s2006 es r 000 0 spa d | ||
| 020 | _a9788466747158 | ||
| 035 | _aUPN01000170991 | ||
| 049 | _aCG | ||
| 050 | 4 |
_aPZ77 _bO4.2 |
|
| 100 | 1 |
_aOlivares, Tina, _d1970- |
|
| 245 | 1 | 0 |
_aAu revoir, Marie / _cTina Olivares ; il. de Federico Delicado. |
| 260 |
_aMadrid : _bAnaya, _c2006. |
||
| 300 |
_a191 p. : _bil. col. |
||
| 440 | 0 |
_aSopa de libros. _pTeatro ; _v10 |
|
| 500 | _a"Accésit al premio SGAE de teatro infantil y juvenil 2004" | ||
| 650 | 4 |
_aTEATRO JUVENIL _910343 |
|
| 651 | 4 |
_aFRANCIA - _xHISTORIA - _yREVOLUCION, 1789-1793 _99576 |
|
| 905 | _aLibro | ||
| 999 |
_c143096 _d143096 |
||